[Event "Match"]
[Site "www.echecsemail.com"]
[Date "2015.11.22"]
[Round "1"]
[White "Coraza"]
[Black "Dulap"]
[WhiteElo "1740"]
[BlackElo "999"]
[Result "0-1"]
[Round "1"]
1.e4 e5
2.Bf1c4 Ng8f6
3.Nb1c3 Nb8c6
4.Nc3d5 Nf6xe4
5.Qd1f3 Ne4f6
6.Nd5xf6 Qd8xf6
7.Qf3d5 d6
8.Bc4b5 Bc8d7
9.Ng1f3 Bf8e7
10.O-O O-O
11.Rf1e1 a6
12.Bb5xc6 Bd7xc6
13.Qd5b3 Bc6xf3
14.gxf3 b5
15.Kf1 c5
16.Qb3e3 Rf8e8
17.d3 Qf6h4
18.Kg1 h6
19.Kh1 Be7g5
20.f4 Bg5xf4
21.Qe3xf4 exf4
22.Re1f1 Re8e2
23.Kg1 Re2xc2
24.b3 Ra8e8
25.a4 Re8e2
26.Bc1xf4 Qh4xf4
27.axb5 Qf4g4
28.Kh1 Re2xf2
29.Rf1xf2 Rc2xf2
30.Ra1g1 Qg4f3
{ resign }
0-1

[Event "1/8 Finale"]
[Site "www.chess-mail.com"]
[Date "2015.11.22"]
[Round "1"]
[White "Echo314"]
[Black "Pgcbies"]
[WhiteElo "2750"]
[BlackElo "2710"]
[Result "1/2-1/2"]
[Round "1"]
1.e4 e5
2.Ng1f3 Nb8c6
3.Bf1b5 a6
4.Bb5a4 Ng8f6
5.d3 b5
6.Ba4b3 Bf8e7
7.O-O Bc8b7
8.Nb1c3 O-O
9.Rf1e1 d6
10.Nc3d5 Nf6xd5
11.Bb3xd5 Qd8c8
12.a4 Be7f6
13.c3 Nc6e7
14.Bd5b3 Ne7g6
15.g3 c5
16.axb5 axb5
17.Ra1xa8 Qc8xa8
18.h4 Rf8d8
19.h5 Ng6f8
20.h6 d5
21.Qd1e2 c4
22.dxc4 dxc4
23.hxg7 Nf8d7
24.Bb3c2 Nd7c5
25.Bc1h6 Rd8d6
26.Nf3d2 Nc5d3
27.Bc2xd3 Rd6xd3
{ draw }
1/2-1/2

[Event "1/16 Finale"]
[Site "www.chess-mail.com"]
[Date "2015.11.22"]
[Round "1"]
[White "Chessmith19"]
[Black "Echo314"]
[WhiteElo "2620"]
[BlackElo "2750"]
[Result "1/2-1/2"]
[Round "1"]
1.e4 c5
2.Ng1f3 d6
3.d4 cxd4
4.Nf3xd4 Ng8f6
5.Nb1c3 a6
6.Bc1e3 e5
7.Nd4b3 Bc8e6
8.Bf1e2 Bf8e7
9.Qd1d3 O-O
10.O-O Nb8d7
11.Nc3d5 Nf6xd5
12.exd5 e4
13.Qd3xe4 Nd7f6
14.Qe4d3 Be6xd5
15.Rf1e1 Rf8e8
16.Nb3d2 Bd5c6
17.Be2f3 Qd8c7
18.Ra1d1 Nf6d7
19.Bf3xc6 Qc7xc6
20.Be3d4 Nd7c5
21.Qd3f3 d5
22.Nd2b3 Nc5e4
23.Qf3d3 g6
24.g3 Ra8c8
25.Re1e2 Be7f8
26.Rd1e1 Re8e6
27.Bd4e3 Qc6c4
28.Qd3xc4 dxc4
29.Nb3d4 Re6d6
30.Nd4f3 Rc8e8
31.Kg2 Rd6e6
32.Be3a7 b5
33.Nf3d4 Re6e7
34.c3 f5
{ draw }
1/2-1/2

[Event "1/128 Finale"]
[Site "www.chess-mail.com"]
[Date "2015.11.22"]
[Round "1"]
[White "Gatrooper"]
[Black "Roque1"]
[WhiteElo "1550"]
[BlackElo "1560"]
[Result "1/2-1/2"]
[Round "1"]
1.e4 c5
2.c4 e6
3.d3 Nb8c6
4.Ng1f3 Ng8f6
5.Bc1g5 Bf8e7
6.Bg5xf6 Be7xf6
7.Nb1d2 Bf6xb2
8.Ra1b1 Bb2f6
9.a3 O-O
10.h3 d5
11.cxd5 exd5
12.exd5 Rf8e8
13.Bf1e2 Qd8xd5
14.Nd2e4 Bc8f5
15.O-O Nc6d4
16.Nf3xd4 Bf5xe4
17.dxe4 Qd5xd4
18.Qd1xd4 Bf6xd4
19.Be2d3 b6
20.Kh1 Ra8d8
21.f3 Re8e5
22.f4 Re5h5
23.Bd3e2 Rh5h4
24.Be2c4 Rd8d6
25.e5 Rd6g6
26.f5 Rg6g3
27.e6 fxe6
28.Bc4xe6 Kf8
29.Rb1e1 Rg3xa3
30.Be6d7 Ra3e3
31.Re1xe3 Bd4xe3
32.f6 g6
33.f7 Rh4f4
34.Rf1e1 Rf4xf7
{ draw }
1/2-1/2

[Event "Eq:Los Tercios-chibcha : "]
[Site "www.chess-mail.com"]
[Date "2015.11.22"]
[Round "1"]
[White "Churrasca"]
[Black "Karlgrocer"]
[WhiteElo "2170"]
[BlackElo "1940"]
[Result "0-1"]
[Round "1"]
1.e4 d6
2.d4 Ng8f6
3.Nb1c3 b6
4.Bf1d3 e6
5.Ng1f3 Bf8e7
6.O-O O-O
7.Qd1e2 Nb8d7
8.Bc1g5 c5
9.e5 Nf6e8
10.Bg5xe7 Qd8xe7
11.Qe2e4 g6
12.Qe4xa8 Qe7d8
13.Bd3a6 Ne8c7
14.Ba6xc8 Nc7xa8
15.Bc8xd7 Qd8xd7
16.exd6 Qd7xd6
17.Ra1d1 Na8c7
18.dxc5 Qd6xc5
19.Rd1d7 a5
20.Rf1d1 Nc7d5
21.Nc3xd5 exd5
22.Rd7xd5 Qc5xc2
23.Rd5d2 Qc2a4
24.a3 Kg7
25.h3 Qa4b3
26.Nf3d4 Qb3a4
27.Nd4f3 h5
28.Nf3e5 Rf8e8
29.Ne5d7 Qa4c6
30.Kf1 Re8e6
31.Kg1 Qc6c7
32.Kf1 Re6c6
33.Ke2 Rc6c2
34.Nd7e5 Qc7xe5
35.Kf1 Rc2xb2
36.Rd2xb2 Qe5xb2
37.a4 Qb2b3
38.Rd1d6 Qb3xa4
39.Rd6xb6 Qa4d1
{ resign }
0-1

[Event "Eq:Clubul Central de Sah-Slap Shot Mates : "]
[Site "www.chess-mail.com"]
[Date "2015.11.22"]
[Round "1"]
[White "Geodad5"]
[Black "Rocadamare"]
[WhiteElo "2210"]
[BlackElo "2640"]
[Result "1-0"]
[Round "1"]
1.e4 c5
2.Ng1f3 d6
3.d4 cxd4
4.Nf3xd4 Ng8f6
5.Nb1c3 a6
6.Bf1e2 e5
7.Nd4b3 Bf8e7
8.O-O O-O
9.Bc1e3 Bc8e6
10.Nb3d2 b5
11.Be2d3 Nb8d7
12.h3 Nd7c5
13.Be3xc5 dxc5
14.Nd2f3 b4
15.Nc3b1 c4
16.Bd3e2 Nf6xe4
17.Nb1d2 Ne4xd2
18.Qd1xd2 Qd8xd2
19.Nf3xd2 c3
20.bxc3 Ra8c8
21.Be2xa6 Rc8xc3
22.Ba6d3 f5
23.f3 g6
24.Nd2b3 Rf8a8
25.Rf1e1  { time }
1-0

[Event "Eq:Clubul Central de Sah-Slap Shot Mates : "]
[Site "www.chess-mail.com"]
[Date "2015.11.22"]
[Round "1"]
[White "Echo314"]
[Black "Dorulristea"]
[WhiteElo "2760"]
[BlackElo "2780"]
[Result "1-0"]
[Round "1"]
1.e4 e5
2.Ng1f3 Nb8c6
3.Bf1b5 a6
4.Bb5a4 Ng8f6
5.O-O Bf8e7
6.Rf1e1 b5
7.Ba4b3 O-O
8.d4 Nc6xd4
9.Bb3xf7  { time }
1-0

[Event "Tourn. n8451"]
[Site "www.chess-mail.com"]
[Date "2015.11.23"]
[Round "1"]
[White "Dulap"]
[Black "Gatrooper"]
[WhiteElo "1619"]
[BlackElo "1620"]
[Result "1-0"]
[Round "1"]
1.e4 e5
2.Ng1f3 Nb8c6
3.Bf1c4 d6
4.O-O Bc8e6
5.Bc4xe6 fxe6
6.d3 Ng8f6
7.Bc1g5 Bf8e7
8.Nb1c3 Nf6g4
9.Bg5xe7 Qd8xe7
10.d4 exd4
11.Nf3xd4 Nc6xd4
12.Qd1xd4 c5
13.Qd4a4 Kf8
14.h3 Ng4h6
15.Rf1e1 Nh6f7
16.Ra1d1 h6
17.f4 Qe7h4
18.Qa4d7 Ra8d8
19.Qd7xb7 Kg8
20.Qb7xa7 Rd8f8
21.Re1f1 Kh7
22.a3 Rh8g8
23.Nc3b5 g5
24.fxg5 Qh4xg5
25.Rf1xf7 Rf8xf7
26.Qa7xf7 Rg8g7
27.Qf7f3 c4
28.Nb5xd6 e5
29.Qf3f5 Qg5xf5
30.Nd6xf5 Rg7b7
31.Rd1b1 Rb7d7
32.Nf5e3 Rd7d4
33.Ne3d5 h5
34.Rb1f1 Kh6
35.Nd5c3 Rd4d2
36.Rf1f2 Rd2d6
37.Nc3d5 h4
38.Rf2f6 Rd6xf6
39.Nd5xf6 Kg6
40.Nf6g4 Kg5
41.Ng4xe5 Kf4
42.Ne5xc4 Kxe4
43.a4 Kd4
44.a5 Kc5
45.b4 Kb5
46.Kf2 Ka6
47.g4 Kb5
48.g5 Kxc4
49.a6 Kb5
50.a7 Kxb4
51.a8Q { resign }
1-0

[Event "Tourn. n8471"]
[Site "www.chess-mail.com"]
[Date "2015.11.23"]
[Round "1"]
[White "Jpmartinez"]
[Black "Gmscalpel"]
[WhiteElo "2460"]
[BlackElo "2400"]
[Result "1-0"]
[Round "1"]
1.e4 c5
2.Ng1f3 d6
3.Bf1b5 Nb8c6
4.O-O Ng8f6
5.e5 Nf6g4
6.exd6 Qd8xd6
7.h3 Ng4f6
8.d4 a6
9.dxc5 Qd6xc5
10.Bb5a4 b5
11.Ba4b3 e6
12.Bc1e3 Qc5e7
13.a4 Bc8b7
14.axb5 { resign }
1-0

[Event "Tourn. n8394"]
[Site "www.chess-mail.com"]
[Date "2015.11.23"]
[Round "1"]
[White "Daquata"]
[Black "Julian"]
[WhiteElo "1770"]
[BlackElo "1830"]
[Result "0-1"]
[Round "1"]
1.e4 c5
2.Ng1f3 d6
3.d4 cxd4
4.Nf3xd4 Ng8f6
5.Nb1c3 a6
6.Bc1e3 e5
7.Nd4b3 Bc8e6
8.Qd1d2 Nb8d7
9.O-O-O Ra8c8
10.f3 b5
11.g4 Rc8xc3
12.Qd2xc3 d5
13.exd5 Nf6xd5
14.Qc3d2 Nd5xe3
15.Qd2xe3 Bf8e7
16.Qe3a7 O-O
17.Qa7xa6 Qd8b8
18.Qa6xb5 Qb8xb5
19.Bf1xb5 Nd7c5
20.Nb3xc5 Be7xc5
21.Rh1e1 f6
22.a4 Bc5d4
23.c3 Bd4f2
24.Re1e2 Bf2h4
25.Rd1d6 Be6b3
26.a5 Bh4g5
 { time }
0-1

[Event "Tourn. n8396"]
[Site "www.chess-mail.com"]
[Date "2015.11.23"]
[Round "1"]
[White "Aperturaf"]
[Black "Numanoid"]
[WhiteElo "2390"]
[BlackElo "2520"]
[Result "1-0"]
[Round "1"]
1.e4 c5
2.Ng1f3 e6
3.c3 Ng8f6
4.e5 Nf6d5
5.d4 cxd4
6.cxd4 d6
7.Bf1c4 Nb8c6
8.O-O Bf8e7
9.Qd1e2 O-O
10.Qe2e4 dxe5
11.dxe5 Bc8d7
12.Rf1d1 Nd5b6
13.Bc4d3 g6
14.Nb1c3 Rf8e8
15.Bd3e2 Kg7
16.Bc1e3 Nc6a5
17.Qe4f4 Na5c4
18.Qf4h6 { resign }
1-0

[Event "Tourn. n8394"]
[Site "www.chess-mail.com"]
[Date "2015.11.23"]
[Round "1"]
[White "Coraza"]
[Black "Daquata"]
[WhiteElo "1710"]
[BlackElo "1790"]
[Result "1-0"]
[Round "1"]
1.Ng1f3 d5
2.c4 dxc4
3.e4 Nb8c6
4.d3 cxd3
5.Bf1xd3 e5
6.Qd1b3 Ng8f6
7.Nf3g5 Qd8e7
8.Bd3c4 Qe7b4
9.Qb3xb4 Bf8xb4
10.Bc1d2 Bb4xd2
11.Nb1xd2 O-O
12.O-O h6
13.Ng5f3 Bc8g4
14.Bc4e2 Rf8e8
15.Rf1e1 Ra8d8
16.Re1d1 Bg4xf3
17.gxf3  { time }
1-0

[Event "Tourn. n8373"]
[Site "www.chess-mail.com"]
[Date "2015.11.23"]
[Round "1"]
[White "Abuelo"]
[Black "Xkafi"]
[WhiteElo "2150"]
[BlackElo "2090"]
[Result "0-1"]
[Round "1"]
1.e4 e5
2.Ng1f3 Qd8f6
3.Bf1c4 Bf8c5
4.d3 h6
5.O-O d6
6.Nb1c3 c6
7.h3 Qf6g6
8.Nf3h4 Qg6f6
9.Qd1f3 Qf6xh4
10.Qf3xf7 Kd8
11.Qf7f8 Kc7
12.Qf8xg7 Ng8e7
13.Qg7xh8 b5
14.Bc4b3 Bc8b7
15.Qh8xh6 Qh4xh6
16.Bc1xh6 Nb8d7
17.Bb3e6 Ra8h8
18.Be6xd7 Rh8xh6
19.Bd7g4 Ne7g6
20.Nc3e2 Ng6h4
21.Ne2g3 Rh6g6
22.Bg4f5 Rg6xg3
23.Kh1 Rg3xg2
24.Bf5g4 Bc5xf2
25.Ra1d1 Bf2g3
26.Rf1f7 Kb6
27.Rf7h7 Rg2h2
28.Kg1 Rh2g2
29.Kf1 Rg2f2
30.Kg1 Rf2g2
31.Kf1 Rg2h2
32.Rd1c1 Rh2h1
33.Ke2 Rh1xc1
34.Kd2 Bg3f4
35.Kc3 Nh4g2
36.Rh7f7 Ng2e3
{ resign }
0-1

[Event "Tourn. n8359"]
[Site "www.chess-mail.com"]
[Date "2015.11.23"]
[Round "1"]
[White "Seger"]
[Black "Numanoid"]
[WhiteElo "2770"]
[BlackElo "2500"]
[Result "1-0"]
[Round "1"]
1.e4 d6
2.d4 Ng8f6
3.Nb1c3 g6
4.Ng1f3 Bf8g7
5.Bf1e2 O-O
6.O-O e6
7.Rf1e1 Nb8c6
8.Bc1e3 h6
9.h3 b6
10.Qd1d2 Kh7
11.Ra1d1 Bc8b7
12.a3 Nc6e7
13.Be2d3 a6
14.Be3f4 Nf6d7
15.Bf4h2 b5
16.b3 f5
17.Kh1 Qd8e8
18.exf5 exf5
19.Nc3e2 Nd7f6
20.c4 bxc4
21.bxc4 Bb7xf3
22.gxf3 Nf6h5
23.d5 Ra8b8
24.Qd2e3 f4
25.Ne2xf4 Nh5xf4
26.Bh2xf4  { time }
1-0

[Event "Tourn. n8477"]
[Site "www.chess-mail.com"]
[Date "2015.11.23"]
[Round "1"]
[White "Genius7"]
[Black "Goosebumps"]
[WhiteElo "1900"]
[BlackElo "2110"]
[Result "1/2-1/2"]
[Round "1"]
1.c4 e5
2.Nb1c3 Nb8c6
3.Ng1f3 Bf8c5
4.e3 d6
5.d4 exd4
6.exd4 Bc5b4
7.Bc1d2 Ng8f6
8.Bf1d3 Bc8g4
9.h3 Bg4xf3
10.Qd1xf3 Qd8e7
11.Kd1 O-O
12.Bd2e3 Rf8e8
13.Kc2 Bb4xc3
14.bxc3 Ra8d8
15.Ra1b1 Nc6a5
16.Rh1e1 d5
17.c5 Nf6e4
18.Bd3b5 { draw }
1/2-1/2

[Event "Tourn. n8431"]
[Site "www.chess-mail.com"]
[Date "2015.11.23"]
[Round "1"]
[White "Madz123456"]
[Black "Tartan"]
[WhiteElo "2410"]
[BlackElo "2460"]
[Result "1-0"]
[Round "1"]
1.e4 c5
2.Ng1f3 Nb8c6
3.d4 cxd4
4.Nf3xd4 g6
5.Nb1c3 Bf8g7
6.Bc1e3 Ng8f6
7.Bf1c4 Qd8a5
8.O-O O-O
9.Nd4b3 Qa5b4
10.Bc4d3 b6
11.Be3g5 { resign }
1-0

[Event "Tourn. n8430"]
[Site "www.chess-mail.com"]
[Date "2015.11.23"]
[Round "1"]
[White "Lino"]
[Black "Bojan"]
[WhiteElo "2039"]
[BlackElo "2040"]
[Result "1-0"]
[Round "1"]
1.e4 e5
2.Ng1f3 Nb8c6
3.Bf1b5 a6
4.Bb5a4 Nc6d4
5.Nf3xd4 exd4
6.d3 c6
7.O-O Bf8d6
8.Ba4b3 Qd8f6
9.f4 Qf6h4
10.Nb1d2 Bd6xf4
11.Nd2f3 Qh4h6
12.Bb3xf7 Ke7
13.Bf7b3 d6
14.Bc1xf4 Qh6xf4
15.Nf3d2 Qf4e3
16.Kh1 Ng8f6
17.Nd2c4 Qe3h6
18.e5 Nf6g4
19.exd6 Kd8
20.h3 b5
21.Qd1e1 Ra8a7
22.Qe1a5 Ke8
23.Ra1e1 Ng4e3
24.Nc4xe3 dxe3
25.Qa5b6 Ra7f7
26.Bb3xf7 { resign }
1-0

[Event "Tourn. n8473"]
[Site "www.chess-mail.com"]
[Date "2015.11.23"]
[Round "1"]
[White "Luban"]
[Black "Libiesse"]
[WhiteElo "2040"]
[BlackElo "2050"]
[Result "0-1"]
[Round "1"]
1.d4 d5
2.Ng1f3 e6
3.a3 Ng8f6
4.e3 Nb8d7
5.c4 c5
6.Nb1c3 cxd4
7.exd4 dxc4
8.Bf1xc4 Nd7b6
9.Bc4e2 Bf8e7
10.h3 O-O
11.Bc1e3 Nf6d5
12.O-O Bc8d7
13.Ra1c1 Ra8c8
14.Qd1d2 Nd5xc3
15.Rc1xc3 Nb6d5
16.Rc3xc8 Qd8xc8
17.Rf1c1 Qc8b8
18.Be2c4 Nd5xe3
19.Qd2xe3 Be7f6
20.b4 Rf8d8
21.Nf3e5 Bd7a4
22.f4 Qb8d6
{ resign }
0-1

[Event "Tourn. n8336"]
[Site "www.chess-mail.com"]
[Date "2015.11.23"]
[Round "1"]
[White "Numanoid"]
[Black "Sonivano"]
[WhiteElo "2500"]
[BlackElo "2320"]
[Result "0-1"]
[Round "1"]
1.e4 e5
2.Ng1f3 Nb8c6
3.d4 exd4
4.Bf1c4 Ng8f6
5.e5 d5
6.Bc4b5 Nf6e4
7.Nf3xd4 Bc8d7
8.Bb5xc6 bxc6
9.O-O Bf8e7
10.f3 Ne4g5
11.f4 Ng5e4
12.Nb1c3 Ne4xc3
13.bxc3 c5
14.Nd4b3 c4
15.Nb3d4 c5
16.Nd4e2 Bd7g4
17.h3 Bg4xe2
18.Qd1xe2 O-O
19.f5 Kh8
20.Qe2f3 Rf8g8
21.Rf1d1 d4
22.Bc1e3 d3
23.Qf3e4 Qd8a5
24.cxd3 Qa5xc3
25.dxc4 Ra8b8
26.Ra1c1 Qc3a3
27.Rd1d7 Be7f8
28.Rd7xf7 Rb8b2
29.Rc1d1 Rb2e2
30.Rd1d3 Qa3a5
 { time }
0-1

[Event "Tourn. n8392"]
[Site "www.chess-mail.com"]
[Date "2015.11.23"]
[Round "1"]
[White "Pariolinius"]
[Black "Libiesse"]
[WhiteElo "1950"]
[BlackElo "2090"]
[Result "1-0"]
[Round "1"]
1.d4 d5
2.Ng1f3 e6
3.c4 Ng8f6
4.Bc1g5 Bf8e7
5.Nb1c3 c5
6.e3 cxd4
7.Nf3xd4 dxc4
8.Bf1xc4 O-O
9.O-O Qd8c7
10.Bc4d3 Rf8d8
11.Qd1c2 h6
12.Bg5h4 a6
13.Bh4g3 Be7d6
14.Bg3xd6 Qc7xd6
15.Ra1d1 b5
16.Nc3e4 Qd6e7
17.Ne4xf6 Qe7xf6
18.Bd3e4 Ra8a7
19.Nd4c6 Nb8xc6
20.Qc2xc6 Bc8b7
21.Qc6c7 Bb7xe4
22.Rd1xd8 Kh7
23.Qc7xa7 Be4xg2
24.Kxg2 Qf6g5
25.Kh1 Qg5xd8
26.Qa7xa6 Qd8d5
27.Kg1 Qd5g5
28.Kh1 Qg5d5
29.f3 Qd5d3
30.Rf1g1 Qd3e2
31.Qa6c6 Qe2xb2
32.Qc6e4 g6
33.Qe4b1 Qb2f6
34.f4 Qf6c3
35.Rg1g3 Qc3c6
36.Kg1 h5
37.h4 b4
38.e4 Qc6c5
39.Kg2 Qc5d6
40.Rg3f3 Qd6d4
41.Qb1d3 Qd4b2
42.Rf3f2 Qb2f6
43.Kg3 e5
44.Qd3b3 Kg7
45.Qb3xb4 exf4
46.Rf2xf4 Qf6e5
47.a4 f6
48.Qb4b5 Qe5c3
49.Rf4f3 Qc3e1
50.Rf3f2 Qe1xe4
51.Qb5d7 Kh6
52.Qd7d2 Kg7
53.Rf2f4 Qe4e5
54.a5 Qe5c7
55.Qd2d4 Qc7e7
56.Qd4xf6 Qe7xf6
57.Rf4xf6 Kxf6
58.a6 { resign }
1-0

[Event "Tourn. n8437"]
[Site "www.chess-mail.com"]
[Date "2015.11.23"]
[Round "1"]
[White "Neo"]
[Black "Naujzaid"]
[WhiteElo "1790"]
[BlackElo "1900"]
[Result "0-1"]
[Round "1"]
1.d4 d5
2.e3 e6
3.g3 Ng8f6
4.Bf1g2 Bf8e7
5.Ng1f3 O-O
6.Nf3e5 c5
7.c3 Nb8c6
8.Ne5xc6 bxc6
9.O-O Bc8b7
10.b4 cxb4
11.cxb4 Be7xb4
12.Bc1d2 Bb4xd2
13.Nb1xd2 Qd8c7
14.a4 e5
15.dxe5 Qc7xe5
16.Nd2f3 Qe5e7
17.Ra1b1 Nf6e4
18.Nf3h4 Ne4c3
19.Qd1b3 Nc3xb1
20.Qb3xb1 g6
21.Nh4f3 Bb7a6
22.Rf1c1 Ra8b8
23.Qb1c2 Rf8c8
24.Nf3d4 Ba6c4
25.Bg2h3 Rc8c7
26.Qc2c3 Qe7b4
27.Qc3a1 Qb4b2
28.Qa1xb2 Rb8xb2
29.Rc1a1 Rb2a2
30.Ra1b1 Ra2xa4
31.Rb1b8 Kg7
32.Rb8e8 Ra4a1
33.Kg2 Bc4f1
34.Kf3 Bf1xh3
35.Nd4e2 h5
36.Ne2f4 Bh3g4
37.Kg2 a5
38.e4 dxe4
39.Re8xe4 Bg4f5
40.Re4e3 a4
41.h4 a3
42.Nf4d3 Bf5xd3
43.Re3xd3 a2
44.Rd3a3 c5
45.Kf3 c4
46.Ke4 Ra1e1
47.Kd4 a1Q
48.Ra3xa1 Re1xa1
49.Kd5 Ra1d1
50.Ke5 Rc7e7
51.Kf4 c3
52.Kg5 Rd1d4
53.f4 f6

0-1

[Event "Tourn. n8463"]
[Site "www.chess-mail.com"]
[Date "2015.11.23"]
[Round "1"]
[White "Naujzaid"]
[Black "Huw"]
[WhiteElo "1910"]
[BlackElo "2100"]
[Result "0-1"]
[Round "1"]
1.d4 Ng8f6
2.c4 e6
3.Nb1c3 Bf8b4
4.Qd1c2 O-O
5.a3 Bb4xc3
6.Qc2xc3 b6
7.Bc1g5 d5
8.cxd5 exd5
9.e3 Nb8d7
10.Ra1c1 c5
11.dxc5 bxc5
12.Bg5xf6 Nd7xf6
13.Qc3xc5 Bc8f5
14.Bf1a6 Nf6e4
15.Qc5c7 Qd8f6
16.Qc7b7 Bf5c8
{ resign }
0-1

[Event "Match"]
[Site "www.echecsemail.com"]
[Date "2015.11.23"]
[Round "1"]
[White "Ztornad"]
[Black "Castletyme"]
[WhiteElo "1740"]
[BlackElo "1870"]
[Result "0-1"]
[Round "1"]
1.e4 e6
2.b3 Nb8c6
3.Bc1b2 d6
4.d4 Ng8f6
5.Nb1c3 Bf8e7
6.Bb2a3 O-O
7.Bf1b5 Bc8d7
8.d5 exd5
9.exd5 Nc6e5
10.Bb5xd7 Ne5xd7
11.Ng1e2 Nd7e5
12.O-O Ne5g6
13.f4 c6
14.f5 Ng6h8
15.dxc6 bxc6
16.Ne2d4 Qd8b6
17.Kh1 c5
18.Nd4f3 Rf8e8
19.Nc3d5 Nf6xd5
20.Qd1xd5 Be7f6
21.Ra1d1 Ra8d8
22.Ba3c1 Re8e2
23.Rd1d2 Re2xd2
24.Nf3xd2 Rd8e8
25.Nd2e4 Bf6e5
26.Bc1g5 Kf8
27.Rf1f3 f6
28.Bg5f4 Nh8f7
29.Bf4e3 Re8d8
30.a3 Qb6a5
31.Qd5d1 Qa5xa3
32.Be3f4 Be5xf4
33.Rf3xf4 d5
34.Ne4d2 Nf7e5
35.Rf4a4 Qa3b2
36.h3 { time. }
0-1

[Event "Match"]
[Site "www.echecsemail.com"]
[Date "2015.11.23"]
[Round "1"]
[White "Huw"]
[Black "Bluetealeaf"]
[WhiteElo "999"]
[BlackElo "1770"]
[Result "1-0"]
[Round "1"]
1.d4 d5
2.c4 e6
3.Ng1f3 f6
4.Nb1c3 dxc4
5.e4 Bf8b4
6.Bf1xc4 Ng8e7
7.Qd1b3 Ne7c6
8.a3 Bb4a5
9.Bc1e3 O-O
10.Bc4xe6 Kh8
11.O-O Bc8xe6
12.Qb3xb7 Nb8d7
13.Qb7xc6 Qd8e7
14.d5 Nd7e5
15.Nf3xe5 fxe5
16.Be3c5 Qe7e8
17.Qc6xe6 Rf8f6
18.Qe6g4 Rf6g6
19.Qg4e2 Qe8f7
20.Ra1d1 Qf7f4
21.Rd1d3 Qf4h4
22.Rd3g3 Rg6f6
23.Qe2g4 Qh4xg4
24.Rg3xg4 Ra8b8
25.b4 Ba5b6
26.Nc3a4 Bb6xc5
27.Na4xc5 Rb8e8
28.Nc5e6 Re8e7
29.Rg4g5 c6
30.Rf1c1 h6
31.Rg5xe5 g5
32.Rc1xc6 Re7f7
33.Ne6d8 Rf7f8
34.Rc6xf6 Rf8xf6
35.Re5e7 Rf6a6
36.d6 Ra6xa3
37.g3 Kg8
38.Nd8e6 Ra3d3
39.d7 { resign }
1-0

[Event "Match"]
[Site "www.echecsemail.com"]
[Date "2015.11.23"]
[Round "1"]
[White "Genius7"]
[Black "Karlgrocer"]
[WhiteElo "1730"]
[BlackElo "1970"]
[Result "1-0"]
[Round "1"]
1.d4 Ng8f6
2.c4 e6
3.Ng1f3 c6
4.Nb1c3 Bf8e7
5.e4 O-O
6.Bf1e2 d5
7.e5 Nf6d7
8.O-O dxc4
9.Be2xc4 b6
10.Qd1e2 a5
11.a3 b5
12.Bc4d3 Nd7b6
13.Rf1d1 Nb6d5
14.Nc3xd5 Qd8xd5
15.Bd3e4 Qd5d7
16.Bc1f4 Nb8a6
17.Qe2c2 Qd7c7
18.Be4xh7 Kh8
19.Bh7e4 Bc8b7
20.Nf3g5 Be7xg5
21.Bf4xg5 Ra8c8
22.Rd1d3 f6
23.Rd3h3 Kg8
24.exf6 { resign }
1-0

[Event "Match"]
[Site "www.echecsemail.com"]
[Date "2015.11.23"]
[Round "1"]
[White "Hundegana"]
[Black "Ztornad"]
[WhiteElo "1990"]
[BlackElo "1730"]
[Result "1-0"]
[Round "1"]
1.d4 d5
2.f4 f5
3.c3 Ng8f6
4.e3 Bc8e6
5.Nb1d2 Nf6e4
6.Nd2xe4 fxe4
7.Bc1d2 Nb8d7
8.Bf1e2 h5
9.Ng1h3 Nd7b6
10.Nh3g5 Qd8d6
11.Be2xh5 Kd8
{ time. }
1-0

[Event "Match"]
[Site "www.echecsemail.com"]
[Date "2015.11.23"]
[Round "1"]
[White "Goosebumps"]
[Black "Canario"]
[WhiteElo "2140"]
[BlackElo "1850"]
[Result "1-0"]
[Round "1"]
1.e4 e5
2.Ng1f3 Nb8c6
3.Bf1c4 h6
4.Nb1c3 a6
5.d4 exd4
6.Nf3xd4 Nc6xd4
7.Qd1xd4 Qd8f6
8.e5 Qf6c6
9.O-O Bf8c5
10.Qd4d5 Qc6xd5
11.Nc3xd5 Bc5b6
12.Bc1e3 Ng8e7
13.Nd5xb6 cxb6
14.Be3xb6 O-O
15.c3 Ne7c6
16.Rf1e1 Rf8e8
17.f4 Nc6e7
18.Ra1d1 Ne7f5
19.g4 Nf5h4
20.Kf2 Nh4g6
21.Kg3 Kh7
22.Bc4xf7 Re8e7
23.Bf7c4 a5
24.Rd1d6 a4
25.Bc4d3 Re7e6
26.h4 { resign }
1-0

[Event "Match"]
[Site "www.echecsemail.com"]
[Date "2015.11.23"]
[Round "1"]
[White "Daquata"]
[Black "Drdoom"]
[WhiteElo "1820"]
[BlackElo "1770"]
[Result "0-1"]
[Round "1"]
1.e4 e5
2.Ng1f3 d6
3.d4 Ng8f6
4.dxe5 dxe5
5.Qd1xd8 Kxd8
6.Bc1g5 Bf8e7
7.Nf3xe5 Bc8e6
8.Nb1c3 h6
9.O-O-O Kc8
10.Bg5h4 g5
11.Bh4g3 Nb8d7
12.Ne5xd7 Be6xd7
13.Bf1c4 Rh8f8
14.h4 a6
15.hxg5 hxg5
16.e5 Nf6g4
17.Rh1h7 b5
 { time }
0-1

[Event "Match"]
[Site "www.echecsemail.com"]
[Date "2015.11.23"]
[Round "1"]
[White "Lino"]
[Black "Cristiano"]
[WhiteElo "1799"]
[BlackElo "2040"]
[Result "1-0"]
[Round "1"]
1.e4 c5
2.Ng1f3 d6
3.d4 cxd4
4.Nf3xd4 Ng8f6
5.Nb1c3 a6
6.Bc1e3 e6
7.Bf1e2 Bf8e7
8.f4 Qd8c7
9.O-O O-O
10.g4 e5
11.Nd4f5 Nb8c6
12.g5 Nf6e8
13.Nc3d5 Qc7d8
14.Be3b6 Qd8d7
15.Be2g4 Kh8
16.Nf5e3 f5
17.Ne3xf5 Ne8f6
18.gxf6 Be7xf6
19.Nf5e3 Qd7f7
20.f5 g5
21.Bg4h5 Qf7g7
22.Bb6c7 Bc8d7
23.Bc7xd6 Rf8g8
24.Nd5xf6 Qg7xf6
25.Ne3g4 Qf6d8
26.Ng4xe5 Qd8b6
27.Kg2 Bd7e8
28.Bh5xe8 Rg8xe8
29.Ne5f7 Kg7
30.Qd1h5 Qb6e3
31.f6 Kg8
32.Nf7xg5 Qe3d2
33.Kh1 { resign }
1-0

[Event "Match"]
[Site "www.echecsemail.com"]
[Date "2015.11.23"]
[Round "1"]
[White "Bluetealeaf"]
[Black "Ssharp"]
[WhiteElo "1750"]
[BlackElo "2180"]
[Result "0-1"]
[Round "1"]
1.e4 d5
2.Bf1d3 dxe4
3.Bd3xe4 Ng8f6
4.Qd1f3 c6
5.Nb1c3 Bc8g4
6.Qf3e3 Nb8d7
7.d3 g6
8.f3 Bg4e6
9.Bc1d2 Bf8g7
10.Ng1e2 O-O
11.g4 a5
12.Nc3a4 b5
13.Na4c5 Nd7xc5
14.Be4xc6 Ra8c8
15.Bc6xb5 Nf6d5
16.Qe3f2 Bg7xb2
17.Ra1b1 Bb2g7
18.h4 Nc5d7
19.h5 Rc8xc2
20.a4 Nd7e5
21.Ne2d4 Rc2c5
22.h6 Rc5xb5
23.Ke2 Rb5xb1
24.Rh1xb1 Bg7h8
25.Qf2g3 Be6d7
26.f4 Ne5xg4
27.f5 Ng4xh6
28.Rb1g1 Bh8xd4
29.Rg1h1 Nh6xf5
30.Qg3h3 h5
31.Qh3f3 Bd7c6
32.Qf3h3 Bd4c3
33.Bd2g5 Qd8b6
34.Qh3f1 Nf5g3
35.Kf3 Ng3xf1
{ resign }
0-1

[Event "Match"]
[Site "www.echecsemail.com"]
[Date "2015.11.23"]
[Round "1"]
[White "Julianlore"]
[Black "Nikas"]
[WhiteElo "2640"]
[BlackElo "1679"]
[Result "1-0"]
[Round "1"]
1.e4 e5
2.Ng1f3 Nb8c6
3.Bf1b5 a6
4.Bb5a4 b5
5.Ba4b3 d6
6.O-O g6
7.c3 Bf8h6
8.d4 Bh6xc1
9.Qd1xc1 Qd8f6
10.a4 bxa4
11.Bb3xa4 Bc8d7
12.Nb1d2 Ng8e7
13.Rf1d1 Nc6b8
14.dxe5 dxe5
15.Nd2c4 Bd7xa4
16.Ra1xa4 Nb8c6
17.Qc1h6 Ne7g8
18.Qh6h3 Qf6e7
19.Ra4xa6 Ra8xa6
20.Qh3c8 Nc6d8
21.Qc8xa6 Ng8f6
22.Nf3xe5 O-O
23.f3 Nd8e6
24.g3 Kg7
25.Kg2 Rf8b8
26.Ne5c6 { resign }
1-0

[Event "Match"]
[Site "www.echecsemail.com"]
[Date "2015.11.23"]
[Round "1"]
[White "Ztornad"]
[Black "Irene"]
[WhiteElo "1740"]
[BlackElo "2010"]
[Result "0-1"]
[Round "1"]
1.e4 c5
2.d4 cxd4
3.Qd1xd4 Nb8c6
4.Qd4d2 e6
5.a3 Ng8f6
6.f3 Qd8b6
7.Qd2g5 h6
8.Qg5b5 Qb6xb5
9.Bf1xb5 a6
10.Bb5e2 Nc6d4
11.Be2d3 b6
12.Bc1e3 e5
13.Ng1e2 Nd4xe2
14.Bd3xe2 Bf8c5
15.Be3d2 Bc8b7
16.Bd2b4 Bc5xb4
17.c3 Bb4c5
18.b4 Bc5e3
19.a4 Nf6h5
20.g3 Ra8c8
21.c4 O-O
22.Ra1a3 Be3d4
23.Ra3d3 Rc8xc4
24.Rd3b3 Rc4c1
25.Be2d1 Rf8c8
26.Nb1a3 Rc8c3
27.Rb3xc3 Bd4xc3
28.Ke2 Bc3xb4
29.Na3c2 Bb4c5
30.Nc2e3 a5
31.Ne3c2 Bb7a6
32.Kd2 Rc1b1
33.f4 { time. }
0-1

[Event "Match"]
[Site "www.echecsemail.com"]
[Date "2015.11.23"]
[Round "1"]
[White "Dulap"]
[Black "Nugun"]
[WhiteElo "999"]
[BlackElo "1580"]
[Result "1-0"]
[Round "1"]
1.e4 c6
2.d4 d5
3.Nb1c3 dxe4
4.Nc3xe4 Ng8f6
5.Ne4xf6 exf6
6.Ng1f3 Bf8d6
7.Bf1e2 Bc8e6
8.O-O O-O
9.c4 Nb8d7
10.c5 Bd6c7
11.Rf1e1 f5
12.Bc1g5 Nd7f6
13.Be2d3 Qd8d5
14.Bg5xf6 gxf6
15.Qd1c2 b6
16.Nf3h4 Qd5xd4
17.Nh4xf5 Qd4f4
18.Nf5e7 Kg7
19.g3 Qf4g5
20.Ne7xc6 Qg5d5
21.cxb6 axb6
22.Ra1d1 Be6h3
23.Bd3e4 Qd5h5
24.Be4g2 Bh3g4
25.Rd1d5 Qh5h6
26.Nc6d4 Ra8xa2
27.Qc2xc7 Ra2xb2
28.f3 Bg4h3
29.g4 Qh6d2
30.Nd4f5 Kg6
31.Rd5xd2 Rb2xd2
32.Bg2xh3 h5
33.Qc7c3 Rf8d8
34.Qc3e3 Rd8d3
35.Qe3h6 
1-0

[Event "Match"]
[Site "www.echecsemail.com"]
[Date "2015.11.23"]
[Round "1"]
[White "Pare123"]
[Black "Lino"]
[WhiteElo "2010"]
[BlackElo "1799"]
[Result "0-1"]
[Round "1"]
1.c4 e5
2.Nb1c3 Ng8f6
3.e4 Bf8c5
4.Ng1f3 Nf6g4
5.d4 exd4
6.Nf3xd4 Ng4xf2
7.Kxf2 Qd8f6
8.Ke3 Nb8c6
9.Nc3e2 O-O
10.Qd1d3 Nc6e5
11.Qd3c3 Ne5g4
12.Kd2 Ng4f2
13.Qc3f3 Bc5xd4
14.Qf3xf6 Bd4xf6
15.Rh1g1 Nf2xe4
16.Kc2 Rf8e8
17.Bc1f4 d6
18.Ra1d1 Ne4f2
19.Rd1d2 Bc8f5
20.Kb3 Nf2e4
21.Rd2d5 Bf5e6
22.Rd5d1 b5
23.Ne2d4 Be6g4
24.Bf1e2 Bg4xe2
25.Nd4xe2 Ne4c5
26.Kb4 Re8xe2
27.Bf4d2 a5
28.Kxb5 Ra8a6
29.Bd2xa5 Re2xb2
30.Ba5b4 c6
{ resign }
0-1